000 00902cas a2200241 4500
999 _c17049
_d17049
005 20180814090824.0
008 750907c19559999ohutr p 0 a0eng c
022 _a0032-0919
040 _aMUL
_cMUL
_dNSD
_dDLC
_dNSD
_dAIP
_dNST
_dAGL
_dNST
_dOCL
_dNYG
_dAGL
_dGUA
_dNSD
_dNLM
_dOCLCQ
_dHUL
_dCLU
_dNLGGC
_dOCLCQ
_dUKMGB
_dHNW
_dOCLCF
_dNCU
_dOCLCO
_dUY0
_dI8M
_dCUV
_dOCLCQ
_dGILDS
_dOCLCO
_dCO-BoIAVH
041 _aeng
044 _axxu
090 _aSE
245 0 0 _aPlant science bulletin
260 _aColumbus, Ohio (EE.UU.) :
_bBotanical Society of America.
_c1955-.
300 _bilustraciones ;
_c26 cm
310 _b<2016->
_at
321 _aq
_bJan. 1955-
650 2 6 _aBotánica
_vPublicaciones periódicas
650 2 6 _aPlantas
_vPublicaciones periódicas
710 2 _aBotanical Society of America
710 2 _aThe society for ALL plant biologists
942 _2z
_cREVISTA
_s1